Govt. of
Madhya Pradesh

Normal view MARC view

Entry Personal Name

Number of records used in: 1

001 - CONTROL NUMBER

  • control field: 83567

003 - CONTROL NUMBER IDENTIFIER

  • control field: OSt

005 - DATE AND TIME OF LATEST TRANSACTION

  • control field: 20251227171337.0

008 - FIXED-LENGTH DATA ELEMENTS

  • fixed length control field: 251227|| aca||aabn | a|a d

040 ## - CATALOGING SOURCE

  • Original cataloging agency: OSt
  • Transcribing agency: OSt

100 ## - HEADING--PERSONAL NAME

  • Personal name: Singh,Harendra

670 ## - SOURCE DATA FOUND

  • Source citation: Work cat.: (OSt)68509: Singh,Harendra, Advancement Of Scince And Technology In Ancient India, 2022